00930nam a2200265 i 4500003000500000005001700005008004100022022001400063022001400077040002500091245011700116264007400233300003900307336002100346337002500367338002400392362001300416490003900429504004100468650003800509650003600547655001700583700003800600700002600638CSPC20260224094355.0260224c2024 ph r p i 00 0 eng d a1908-3297 a2508-0830 aCSPCbengcCSPCerda00aIssues in philippine TVET: bresponsiveness to industry demand and barriers to access among disadvantaged youth. 1aQuezon, City : bPhilippine Institute for Development Studies,c2024. avolumes :billustrations ;c23 cm. 2rdacontentatext 2rdamediaaunmediated 2rdacarrieravolumes aNumber 3 1aResearch paper series no. 2024-03. aIncludes bibliographical references  4aTechnical educationxPeriodicals. 4aYouthvEmploymentxPeriodicals. aPeriodicals.1 aOrbeta, Aniceto C. Jr., eeditor.1 aCorpus, John Paul P.,